Ensayos sobre explicación y comprensión: contribuciones a la filosofía de las ciencias humanas y sociales
Salvato in:
| Autori principali: | , , , |
|---|---|
| Altri autori: | , |
| Natura: | Libro |
| Lingua: | spagnolo |
| Pubblicazione: |
Madrid
Alianza
1980
|
| Serie: | Alianza Universidad
|
| Soggetti: | |
| Tags: |
Aggiungi Tag
Nessun Tag, puoi essere il primo ad aggiungerne!!
|
MARC
| LEADER | 00000nam a2200000 a 4500 | ||
|---|---|---|---|
| 001 | UCQ7915 | ||
| 003 | CL-VaPUC | ||
| 008 | 981121e19800000SP |||||||||||||||||spa|d | ||
| 082 | 0 | 4 | |a 122 |b HIN |2 21 |
| 100 | |a Hintikka, Jaakko |e author |9 421718 | ||
| 700 | |a MacIntyre, Alasdair |e autor |9 453082 | ||
| 700 | 0 | |a Winch, Peter |e author |9 421720 | |
| 700 | 0 | |a Stouland, Frederick |e author |9 421721 | |
| 700 | |a Martin, Rex |e autor |9 531729 | ||
| 700 | |a Wright, Georg Henrik von |e author |9 395136 | ||
| 245 | 1 | 0 | |a Ensayos sobre explicación y comprensión: contribuciones a la filosofía de las ciencias humanas y sociales |
| 300 | |a 204 p | ||
| 942 | |c BK | ||
| 945 | |d 19981121 00:00:00 |a crobeson | ||
| 260 | |a Madrid |b Alianza |c 1980 | ||
| 650 | 7 | |a CAUSALIDAD |2 CL-VaPUC |9 225420 | |
| 650 | 0 | |a Filosofía de las ciencias |9 256466 | |
| 650 | 7 | |a EXPLICACION |2 CL-VaPUC |9 373009 | |
| 650 | 0 | |a Comprensión |9 339377 | |
| 650 | 0 | |a Determinismo |9 322357 | |
| 650 | 7 | |a CIENCIAS HUMANAS |2 CL-VaPUC |9 351082 | |
| 650 | 0 | |a Ciencias sociales |9 256351 | |
| 583 | |a last modification |c 19981121 00:00:00 |k Rodrigo Vera | ||
| 490 | 0 | |a Alianza Universidad | |
| 999 | |c 277290 |d 277288 | ||
| 952 | |0 0 |1 0 |4 0 |6 122_000000000000000_HIN_1980 |7 0 |8 A |9 315175 |a FDOPOS |b FDOPOS |d 2019-11-20 |i 1493841 |o 122 HIN 1980 |p 1493841 |r 2025-01-22 |w 2019-11-20 |y BK |k MLA | ||